00226nam a2200085Ia 4500008004100000100002000041245002800061260004200089260000900131170620s9999 xx 000 0 und d aPercy- Sir Nunn 0aPrinciples of Education bNew Delhi- Discovery Publishing House c2004